Comentários à lei das eleições : (Record no. 307)

MARC details
000 -LÍDER
Campo Fixo de Controle 01078cam a2200289 a 4500
001 - NÚMERO DE CONTROLE
Campo de Controle 307
003 - IDENTIFICAÇÃO DO NÚMERO DE CONTROLE
Campo de Controle BR-CuiBMT
005 - DATA E HORA DA ÚLTIMA ATUALIZAÇÃO
Campo de Controle 20231119203246.0
008 - DADOS FIXOS
Dados Fixos 230928s2016 mgb 000 0 por d
020 ## - INTERNATIONAL STANDARD BOOK NUMBER
Nº do ISBN 9788545001485
040 ## - AGÊNCIA CATALOGADORA
Código da Agência Catalogadora BR-CuiBMT
Agência que transcreveu o registro BR-CuiBMT
080 ## - Nº DA CLASSIFICAÇÃO DECIMAL UNIVERSAL
Nº edição CDU 2007
Nº Class. CDU 342.8
090 ## - NÚMERO DE CHAMADA
Nº classificação 342.8
Cutter C732
245 00 - TÍTULO PRINCIPAL
Título principal Comentários à lei das eleições :
Subtítulo Lei n° 9.504/1997, de acordo com a Lei n° 13.165/2015 /
Indicação de responsabilidade Célia Regina de Lima Pinheiro, José Edvaldo Pereira Sales, Juliana Rodrigues Freitas, coordenadores.
260 ## - PUBLICAÇÃO, DISTRIBUIÇÃO, ETC.
Local de publicação Belo Horizonte :
Editora Fórum,
Data 2016.
300 ## - DESCRIÇÃO FÍSICA
N. páginas ou volumes 368 p. ;
Dimensões 22 cm
504 ## - NOTA DE BIBLIOGRAFIA, ETC.
Nota de bibliografia Inclui bibliografia.
610 14 - ASSUNTO -- ENTIDADE
Nome da Entidade ou lugar Brasil.
Título da publicação Lei n° 9.504, de 30 de setembro de 1997
610 14 - ASSUNTO -- ENTIDADE
Nome da Entidade ou lugar Brasil.
Título da publicação Lei n° 13.165, de 29 de setembro de 2015
650 ## - ASSUNTO TÓPICO
Cabeçalho tópico ou nome geográfico Direito eleitoral
Subdivisão geográfica Brasil
650 ## - ASSUNTO TÓPICO
Cabeçalho tópico ou nome geográfico Justiça eleitoral
Subdivisão geográfica Brasil
650 ## - ASSUNTO TÓPICO
Cabeçalho tópico ou nome geográfico Eleições municipais
Subdivisão geográfica Brasil
700 1# - ENTRADA SECUNDÁRIA -- NOME PESSOAL
Nome pessoal Pinheiro, Célia Regina de Lima
Cód. do termo explicativo coord.
700 1# - ENTRADA SECUNDÁRIA -- NOME PESSOAL
Nome pessoal Sales, José Edvaldo Pereira
Cód. do termo explicativo coord.
700 1# - ENTRADA SECUNDÁRIA -- NOME PESSOAL
Nome pessoal Freitas, Juliana Rodrigues
Cód. do termo explicativo coord.
942 ## - ELEMENTOS DE ENTRADA ADICIONAIS (KOHA)
Fonte de classificação ou esquema de arquivamento Classificação Decimal Universal
Tipo de item do Koha Livros
Holdings
Estado: removido Estado: perdido Fonte de classificação ou esquema de arquivamento Estado: danificado Indisponível para empréstimo Localização permanente Localização atual Data de aquisição Total Checkouts Número de Chamada completo Código de barras Date last seen Número do exemplar Preço efetivo a partir de Tipo de item (Koha)
    Classificação Decimal Universal     Biblioteca da Escola Superior de Contas do TCE/MT Biblioteca da Escola Superior de Contas do TCE/MT 28/06/2023   342.8 C732 BIBTCEMT23090099 28/09/2023 Ex. 1 28/09/2023 Livros

Powered by Koha